000 01032nam a2200229Ia 4500
001 16970
005 20260330120427.0
008 260306t2014||||xx |||||||||||||| ||und||
041 _aESP
082 _a657.32
_bM22E
100 _aMantilla B., Samuel Alberto
_eAUT
245 0 _aEstándares/normas internacionales de información financiera (IFRS/NIIF):
_bincluye ejercicios y estudios de casos
260 _c2014
300 _a703 páginas :
_c24 cm.
650 _aGEN
654 _aCCO
856 _uhttps://itmsp.museknowledge.com/UCSP?url=https://www.ebooks7-24.com:443/?il=6318&pg=1
_zVersión digital (2018)
856 _uhttps://0u213uo0r-y-https-ebooks7--24-com.itmsp.museknowledge.com/biblioteca.aspx
_zVéase además: Base de datos Ebook7-24
856 _uhttps://www.legismovil.pe/lnp.asp
_zVéase además: Base de datos LegisMóvil
856 _uhttps://0u219uo0z-y-https-legal-legis-com-pe.itmsp.museknowledge.com/Interm/Intermedia_Ucsp.htm
_zVéase además: Base de datos Multilegis
942 _cLIB
_dJUS
_fJUS
_2ddc
999 _c16970
_d16970